| 000 | 00411 a2200169 4500 | ||
|---|---|---|---|
| 020 | _a9780385532945 | ||
| 022 | _a9780385532945 | ||
| 082 | _a909.831 | ||
| 090 |
_c6333 _d6333 |
||
| 100 | _aFriedman,George. | ||
| 245 |
_aThe Next Decade. _cGeorge Friedman. |
||
| 250 | _a1st. | ||
| 260 |
_aNew York. _bGeorge Friedman. _c2011. |
||
| 300 | _a243p. | ||
| 500 | _aHard Cover. | ||
| 942 |
_aNBS _cBK _k909.831 FRI |
||
| 999 |
_c348699 _d348699 |
||